| 000 | 004430000a22001810004500 | ||
|---|---|---|---|
| 003 | MACL | ||
| 005 | 20150919172842.0 | ||
| 008 | 150919b xxu||||| |||| 00| 0 eng d | ||
| 040 |
_aMACL _cMACL |
||
| 041 | _aEnglish | ||
| 082 | _a824/TAR | ||
| 100 |
_aTarafder, S K _912167 |
||
| 245 | _aStandard Essays | ||
| 260 |
_bA P H Publishing Corporation _c2008 _aNew Delhi |
||
| 350 | _a595 | ||
| 650 |
_aEssays _912168 |
||
| 942 |
_cBK _k824/TAR _2ddc |
||
| 999 |
_c42546 _d42546 |
||